| 000 -CABECERA |
| campo de control de longitud fija |
01392nam a2200301 a 4500 |
| 001 - NÚMERO DE CONTROL |
| campo de control |
000087497 |
| 005 - FECHA Y HORA DE LA ÚLTIMA TRANSACCIÓN |
| campo de control |
20200120225006.0 |
| 008 - DATOS DE LONGITUD FIJA--INFORMACIÓN GENERAL |
| campo de control de longitud fija |
190829s2013 ck gr|||| 000 j spa d |
| 020 ## - NÚMERO INTERNACIONAL ESTÁNDAR DEL LIBRO |
| Número Internacional Estándar del Libro |
9789584245281 |
| 041 0# - CÓDIGO DE LENGUA |
| Código de lengua del texto/banda sonora o título independiente |
spa |
| 043 ## - CÓDIGO DE ÁREA GEOGRÁFICA |
| Código de área geográfica |
s-ck--- |
| 045 ## - PERIODO DE TIEMPO DEL CONTENIDO |
| Código de periodo de tiempo |
x-x- |
| 090 ## - LOCALMENTE ASIGNADO TIPO-LC NÚMERO DE CLASIFICACIÓN (OCLC); NÚMERO DE CLASIFICACIÓN LOCAL (RLIN) |
| Número de clasificación (OCLC) (R) ; Numero de clasificación, CALL (RLIN) (NR) |
AC |
| Número cutter local (OCLC) ; Número de libro/Signatura topográfica íntegra, CALL (RLIN) |
MENMim |
| 100 1# - ENTRADA PRINCIPAL--NOMBRE DE PERSONA |
| Nombre de persona |
Mendoza, Mario |
| Fechas asociadas al nombre |
1964- |
| 245 10 - MENCIÓN DE TÍTULO |
| Título |
La importancia de morir a tiempo / |
| Mención de responsabilidad, etc. |
Mario Mendoza. |
| 250 ## - MENCIÓN DE EDICIÓN |
| Mención de edición |
5a. ed. |
| 260 ## - PUBLICACIÓN, DISTRIBUCIÓN, ETC. |
| Lugar de publicación, distribución, etc. |
Bogotá : |
| Nombre del editor, distribuidor, etc. |
Planeta, |
| Fecha de publicación, distribución, etc. |
2013. |
| 300 ## - DESCRIPCIÓN FÍSICA |
| Extensión |
277 páginas. |
| 490 #0 - MENCIÓN DE SERIE |
| Mención de serie |
Autores españoles e iberoamericanos |
| 520 3# - SUMARIO, ETC. |
| Sumario, etc. |
"El trabajo de un escritor requiere adentrarse en el corazón humano. Mario Mendoza ha recorrido los recovecos del cuerpo y el alma, y ha encontrado que, en lo inusual, en lo fuera de serie, se esconden las respuestas del misterio de estar vivos. En una narración vibrante y llena de fuerza, esta obra constituye una serie de relatos en los que aparecen Agatha Christie, Bruce Lee o Neil Armstrong, u otros en los que se habla de ciudades subterráneas y mundos desconocidos, hacen de este libro una lectura cautivante y estremecedora" |
| 586 ## - NOTA DE PREMIOS |
| Nota de premios |
Premio de Cuento Ciudad de Bogotá, 2009 |
| 650 14 - PUNTO DE ACCESO ADICIONAL DE MATERIA--TÉRMINO DE MATERIA |
| Término de materia o nombre geográfico como elemento de entrada |
Cuentos colombianos |
| 650 24 - PUNTO DE ACCESO ADICIONAL DE MATERIA--TÉRMINO DE MATERIA |
| Término de materia o nombre geográfico como elemento de entrada |
Literatura colombiana |
| 650 24 - PUNTO DE ACCESO ADICIONAL DE MATERIA--TÉRMINO DE MATERIA |
| Término de materia o nombre geográfico como elemento de entrada |
Muerte en la literatura |
| 650 24 - PUNTO DE ACCESO ADICIONAL DE MATERIA--TÉRMINO DE MATERIA |
| Término de materia o nombre geográfico como elemento de entrada |
Soledad en la literatura |
| 650 24 - PUNTO DE ACCESO ADICIONAL DE MATERIA--TÉRMINO DE MATERIA |
| Término de materia o nombre geográfico como elemento de entrada |
Vida cotidiana en la literatura |
| 650 24 - PUNTO DE ACCESO ADICIONAL DE MATERIA--TÉRMINO DE MATERIA |
| Término de materia o nombre geográfico como elemento de entrada |
Emociones en la literatura |